[Event "XII Paracin Festival 2019"]
[Site "Paracin"]
[Date "2019.07.11"]
[Round "8.14"]
[White "Franklin, Samuel G A"]
[Black "Pikula, Dejan"]
[Result "0-1"]
[WhiteElo "2339"]
[BlackElo "2447"]
[Annotator "NA"]
[PlyCount "160"]
[EventDate "2019.07.05"]
[EventType "swiss"]
[EventCountry "SRB"]
[SourceTitle "playchess.com"]
[Source "ChessBase"]
[SourceQuality "1"]
[TimeControl "5400+30"]

1. e4 {[%emt 0:00:00]} c5 {[%emt 0:00:00]} 2. Nf3 {[%emt 0:00:09]} e6 {[%emt 0:00:08]} 3. d4 {[%emt 0:00:08]} cxd4 {[%emt 0:00:06]} 4. Nxd4 {[%emt 0:00:05]} a6 {[%emt 0:00:03]} 5. Nc3 {[%emt 0:00:48]} Qc7 {[%emt 0:00:09]} 6. Bd3 {[%emt 0:00:46]} Nf6 {[%emt 0:01:01]} 7. Qe2 {[%emt 0:01:25]} d6 {[%emt 0:00:15]} 8. O-O {[%emt 0:01:39]} Be7 {[%emt 0:00:09]} 9. f4 {[%emt 0:00:40]} Nbd7 {[%emt 0:00:19]} 10. Kh1 {[%emt 0:00:37]} O-O {[%emt 0:01:58]} 11. Bd2 {[%emt 0:01:24]} b5 {[%emt 0:01:22]} 12. Rae1 {[%emt 0:02:26]} Nc5 {[%emt 0:02:59]} 13. b4 {[%emt 0:17:47]} Nxd3 {[%emt 0:03:33]} 14. cxd3 {[%emt 0:00:04]} Bb7 {[%emt 0:00:33]} 15. Rc1 {[%emt 0:00:45]} Qd7 {[%emt 0:03:38]} 16. a3 {[%emt 0:08:06]} Rac8 {[%emt 0:03:35]} 17. Rc2 {[%emt 0:00:46]} g6 {[%emt 0:01:42]} 18. Rfc1 {[%emt 0:01:18]} Rfe8 {[%emt 0:03:14]} 19. Be3 {[%emt 0:01:13]} Bf8 {[%emt 0:01:32]} 20. Nb3 {[%emt 0:04:05]} Nh5 {[%emt 0:00:38]} 21. Kg1 {[%emt 0:03:42]} Bh6 {[%emt 0:01:48]} 22. Qf2 {[%emt 0:10:13]} f5 {[%emt 0:01:48]} 23. exf5 {[%emt 0:10:02]} exf5 {[%emt 0:03:53]} 24. Ne2 {[%emt 0:00:44]} Rxc2 {[%emt 0:00:26]} 25. Rxc2 {[%emt 0:00:06]} Qe6 {[%emt 0:00:14]} 26. Na5 {[%emt 0:03:06]} Bxg2 {[%emt 0:02:01]} 27. Ng3 {[%emt 0:04:51]} Nxg3 {[%emt 0:06:17]} 28. Kxg2 {[%emt 0:00:26]} Nh1 {[%emt 0:09:58]} 29. Kxh1 {[%emt 0:06:28]} Qxe3 {[%emt 0:00:14]} 30. Qxe3 {[%emt 0:00:07]} Rxe3 {[%emt 0:00:04]} 31. Rc6 {[%emt 0:00:06]} Rxd3 {[%emt 0:03:24]} 32. Rxa6 {[%emt 0:00:10]} Bxf4 {[%emt 0:00:18]} 33. Nc6 {[%emt 0:00:33]} Rd2 {[%emt 0:03:56]} 34. Na7 {[%emt 0:00:47]} Rxh2+ {[%emt 0:00:30]} 35. Kg1 {[%emt 0:01:41]} Rd2 {[%emt 0:00:07]} 36. Nxb5 {[%emt 0:00:11]} h5 {[%emt 0:00:08]} 37. Rc6 {[%emt 0:01:33]} h4 {[%emt 0:00:58]} 38. Rc3 {[%emt 0:00:13]} Bg3 {[%emt 0:00:59]} 39. Rc1 {[%emt 0:02:50]} h3 {[%emt 0:01:48]} 40. Nc3 {[%emt 0:00:26]} Bf4 {[%emt 0:02:15]} 41. Rd1 {[%emt 0:00:45]} Rg2+ {[%emt 0:01:42]} 42. Kh1 {[%emt 0:00:06]} Be5 {[%emt 0:01:32]} 43. Nd5 {[%emt 0:00:52]} Rh2+ {[%emt 0:00:07]} 44. Kg1 {[%emt 0:00:06]} Ra2 {[%emt 0:00:02]} 45. b5 {[%emt 0:01:10]} Rxa3 {[%emt 0:00:06]} 46. Rb1 {[%emt 0:00:18]} Ra7 {[%emt 0:03:13]} 47. b6 {[%emt 0:01:35]} Rb7 {[%emt 0:00:02]} 48. Rc1 {[%emt 0:01:50]} Bd4+ {[%emt 0:02:38]} 49. Kh2 {[%emt 0:00:24]} Rxb6 {[%emt 0:00:26]} 50. Nxb6 {[%emt 0:00:11]} Bxb6 {[%emt 0:00:03]} 51. Rc6 {[%emt 0:00:27]} Bd4 {[%emt 0:00:05]} 52. Kxh3 {[%emt 0:00:35]} Be5 {[%emt 0:00:05]} 53. Rc7 {[%emt 0:00:36]} Kf8 {[%emt 0:00:03]} 54. Rd7 {[%emt 0:02:00]} Ke8 {[%emt 0:00:06]} 55. Rb7 {[%emt 0:00:43]} Bf6 {[%emt 0:00:06]} 56. Kg3 {[%emt 0:00:25]} Be7 {[%emt 0:00:04]} 57. Kf4 {[%emt 0:00:21]} Kf7 {[%emt 0:00:04]} 58. Rb1 {[%emt 0:01:56]} Bf6 {[%emt 0:00:54]} 59. Rd1 {[%emt 0:00:55]} Be7 {[%emt 0:00:49]} 60. Rg1 {[%emt 0:02:04]} Kf6 {[%emt 0:00:10]} 61. Rg2 {[%emt 0:00:16]} Bf8 {[%emt 0:00:04]} 62. Kf3 {[%emt 0:00:43]} Bh6 {[%emt 0:00:30]} 63. Rh2 {[%emt 0:00:11]} Bg7 {[%emt 0:00:18]} 64. Rd2 {[%emt 0:00:09]} Bf8 {[%emt 0:00:20]} 65. Rh2 {[%emt 0:00:49]} g5 {[%emt 0:00:10]} 66. Rh8 {[%emt 0:00:25]} Kg7 {[%emt 0:00:15]} 67. Rh5 {[%emt 0:00:19]} Be7 {[%emt 0:00:02]} 68. Kg3 {[%emt 0:00:29]} Bf6 {[%emt 0:00:06]} 69. Kf3 {[%emt 0:00:20]} Kg6 {[%emt 0:00:06]} 70. Rh1 {[%emt 0:00:04]} Be5 {[%emt 0:00:06]} 71. Rb1 {[%emt 0:00:38]} g4+ {[%emt 0:00:09]} 72. Ke3 {[%emt 0:00:45]} Kg5 {[%emt 0:00:55]} 73. Rb8 {[%emt 0:00:14]} Kh4 {[%emt 0:00:34]} 74. Rf8 {[%emt 0:00:47]} f4+ {[%emt 0:00:09]} 75. Kf2 {[%emt 0:02:29]} Bd4+ {[%emt 0:01:00]} 76. Kg2 {[%emt 0:00:34]} f3+ {[%emt 0:00:09]} 77. Kf1 {[%emt 0:00:11]} Kh3 {[%emt 0:00:22]} 78. Rf4 {[%emt 0:02:29]} Bc5 {[%emt 0:00:15]} 79. Rf5 {[%emt 0:00:28]} g3 {[%emt 0:00:39]} 80. Rxf3 {[%emt 0:00:17]} Kh2 {[%emt 0:00:03]} 0-1

[Event "XII Paracin Festival 2019"]
[Site "Paracin"]
[Date "2019.07.11"]
[Round "8.15"]
[White "Radovanovic, Nikola"]
[Black "Sadykov, Ramil"]
[Result "1/2-1/2"]
[WhiteElo "2431"]
[BlackElo "2342"]
[Annotator "NA"]
[PlyCount "96"]
[EventDate "2019.07.05"]
[EventType "swiss"]
[EventCountry "SRB"]
[SourceTitle "playchess.com"]
[Source "ChessBase"]
[SourceQuality "1"]
[TimeControl "5400+30"]

1. d4 {[%emt 0:00:00]} d5 {[%emt 0:00:00]} 2. c4 {[%emt 0:00:00]} e6 {[%emt 0:00:00]} 3. Nc3 {[%emt 0:00:00]} Be7 {[%emt 0:00:00]} 4. Nf3 {[%emt 0:01:03]} Nf6 {[%emt 0:00:00]} 5. cxd5 {[%emt 0:00:12]} exd5 {[%emt 0:00:00]} 6. Bg5 {[%emt 0:00:10]} c6 {[%emt 0:00:06]} 7. Qc2 {[%emt 0:00:31]} g6 {[%emt 0:00:02]} 8. e3 {[%emt 0:04:05]} Bf5 {[%emt 0:01:22]} 9. Bd3 {[%emt 0:00:15]} Bxd3 {[%emt 0:00:06]} 10. Qxd3 {[%emt 0:00:04]} O-O {[%emt 0:05:27]} 11. Bxf6 {[%emt 0:09:13]} Bxf6 {[%emt 0:00:04]} 12. b4 {[%emt 0:01:20]} a6 {[%emt 0:00:03]} 13. O-O {[%emt 0:02:09]} Nd7 {[%emt 0:01:10]} 14. a4 {[%emt 0:06:57]} b5 {[%emt 0:04:08]} 15. a5 {[%emt 0:01:18]} Be7 {[%emt 0:06:12]} 16. Rab1 {[%emt 0:03:04]} Bd6 {[%emt 0:05:53]} 17. Ne2 {[%emt 0:12:19]} Re8 {[%emt 0:09:56]} 18. Rfc1 {[%emt 0:00:52]} Rc8 {[%emt 0:01:33]} 19. Rc2 {[%emt 0:00:26]} Kg7 {[%emt 0:10:48]} 20. Qb3 {[%emt 0:03:46]} Qe7 {[%emt 0:00:34]} 21. Nc1 {[%emt 0:02:43]} Rc7 {[%emt 0:02:29]} 22. Nd3 {[%emt 0:00:53]} h5 {[%emt 0:00:54]} 23. Rbc1 {[%emt 0:01:08]} Rec8 {[%emt 0:02:56]} 24. Qb2 {[%emt 0:04:19]} f6 {[%emt 0:04:55]} 25. Nd2 {[%emt 0:04:39]} g5 {[%emt 0:07:29]} 26. Re1 {[%emt 0:02:49]} f5 {[%emt 0:03:52]} 27. f3 {[%emt 0:21:25]} Nf6 {[%emt 0:00:38]} 28. Nc5 {[%emt 0:02:01]} Bxc5 {[%emt 0:00:19]} 29. Rxc5 {[%emt 0:00:15]} g4 {[%emt 0:03:01]} 30. Qb1 {[%emt 0:02:18]} gxf3 {[%emt 0:08:43]} 31. Nxf3 {[%emt 0:04:00]} Ne4 {[%emt 0:01:52]} 32. Rc2 {[%emt 0:00:10]} Nd6 {[%emt 0:01:08]} 33. Ne5 {[%emt 0:02:25]} Qg5 {[%emt 0:01:31]} 34. Rf2 {[%emt 0:00:48]} Rf8 {[%emt 0:00:13]} 35. Rf4 {[%emt 0:00:51]} Kh6 {[%emt 0:05:14]} 36. Re2 {[%emt 0:01:57]} Rf6 {[%emt 0:02:52]} 37. Qf1 {[%emt 0:00:32]} Ne4 {[%emt 0:02:30]} 38. h4 {[%emt 0:04:55]} Qg3 {[%emt 0:01:20]} 39. Rxf5 {[%emt 0:00:23]} Qxh4 {[%emt 0:01:20]} 40. Rxf6+ {[%emt 0:00:29]} Nxf6 {[%emt 0:00:10]} 41. Rf2 {[%emt 0:01:25]} Ng4 {[%emt 0:03:24]} 42. Nxg4+ {[%emt 0:00:10]} hxg4 {[%emt 0:00:02]} 43. Rf5 {[%emt 0:02:30]} Kg6 {[%emt 0:02:00]} 44. Rf8 {[%emt 0:00:37]} Kg7 {[%emt 0:00:01]} 45. Qf4 {[%emt 0:00:32]} Qe1+ {[%emt 0:00:04]} 46. Kh2 {[%emt 0:00:08]} Qh4+ {[%emt 0:00:05]} 47. Kg1 {[%emt 0:00:04]} Qe1+ {[%emt 0:00:32]} 48. Kh2 {[%emt 0:00:05]} Qh4+ {[%emt 0:00:04]} 1/2-1/2

[Event "XII Paracin Festival 2019"]
[Site "Paracin"]
[Date "2019.07.11"]
[Round "8.16"]
[White "Chen, Peng"]
[Black "Djordjevic, Vuk"]
[Result "0-1"]
[WhiteElo "2328"]
[BlackElo "2412"]
[Annotator "NA"]
[PlyCount "122"]
[EventDate "2019.07.05"]
[EventType "swiss"]
[EventCountry "SRB"]
[SourceTitle "playchess.com"]
[Source "ChessBase"]
[SourceQuality "1"]
[TimeControl "5400+30"]

1. e4 {[%emt 0:00:00]} e6 {[%emt 0:00:48]} 2. d4 {[%emt 0:00:00]} d5 {[%emt 0:00:04]} 3. Nd2 {[%emt 0:00:00]} Be7 {[%emt 0:00:05]} 4. Bd3 {[%emt 0:00:27]} c5 {[%emt 0:00:06]} 5. dxc5 {[%emt 0:00:15]} Nf6 {[%emt 0:00:48]} 6. Qe2 {[%emt 0:00:31]} O-O {[%emt 0:01:09]} 7. Ngf3 {[%emt 0:00:09]} a5 {[%emt 0:00:35]} 8. e5 {[%emt 0:02:12]} Nfd7 {[%emt 0:00:51]} 9. h4 {[%emt 0:00:14]} f5 {[%emt 0:12:59]} 10. exf6 {[%emt 0:04:17]} Nxf6 {[%emt 0:00:26]} 11. Ne5 {[%emt 0:05:46]} Nbd7 {[%emt 0:14:09]} 12. Ndf3 {[%emt 0:13:40]} Nxc5 {[%emt 0:02:24]} 13. Bg5 {[%emt 0:01:47]} Nfe4 {[%emt 0:06:09]} 14. O-O-O {[%emt 0:03:37]} a4 {[%emt 0:11:05]} 15. a3 {[%emt 0:01:21]} Bf6 {[%emt 0:05:49]} 16. Be3 {[%emt 0:22:23]} Nxd3+ {[%emt 0:03:26]} 17. cxd3 {[%emt 0:02:23]} Qc7+ {[%emt 0:01:40]} 18. Qc2 {[%emt 0:00:19]} Qxc2+ {[%emt 0:03:43]} 19. Kxc2 {[%emt 0:00:02]} Nxf2 {[%emt 0:00:55]} 20. Bxf2 {[%emt 0:04:08]} Bxe5 {[%emt 0:00:07]} 21. Nxe5 {[%emt 0:01:39]} Rxf2+ {[%emt 0:00:05]} 22. Rd2 {[%emt 0:00:01]} Rf5 {[%emt 0:04:47]} 23. Re2 {[%emt 0:09:12]} b6 {[%emt 0:04:30]} 24. Kd2 {[%emt 0:00:04]} Bb7 {[%emt 0:02:41]} 25. Rc1 {[%emt 0:00:05]} d4 {[%emt 0:01:19]} 26. Rc7 {[%emt 0:01:21]} Bd5 {[%emt 0:01:27]} 27. Nc6 {[%emt 0:02:39]} Bxc6 {[%emt 0:03:05]} 28. Rxc6 {[%emt 0:00:01]} Rb5 {[%emt 0:01:22]} 29. Ke1 {[%emt 0:06:36]} e5 {[%emt 0:04:39]} 30. Re6 {[%emt 0:05:23]} Rb3 {[%emt 0:04:17]} 31. Rd2 {[%emt 0:04:23]} Ra5 {[%emt 0:02:46]} 32. Re7 {[%emt 0:02:42]} h5 {[%emt 0:02:26]} 33. g4 {[%emt 0:01:58]} Rc5 {[%emt 0:03:36]} 34. g5 {[%emt 0:02:58]} Kh7 {[%emt 0:02:03]} 35. Kd1 {[%emt 0:03:14]} Kg6 {[%emt 0:00:23]} 36. Ra7 {[%emt 0:00:13]} Ra5 {[%emt 0:00:43]} 37. Re7 {[%emt 0:00:34]} Rc5 {[%emt 0:00:06]} 38. Ra7 {[%emt 0:00:14]} b5 {[%emt 0:00:45]} 39. Rb7 {[%emt 0:00:54]} Rc6 {[%emt 0:00:35]} 40. Re7 {[%emt 0:00:18]} Rc5 {[%emt 0:00:27]} 41. Rb7 {[%emt 0:00:08]} Rc6 {[%emt 0:00:37]} 42. Re7 {[%emt 0:00:17]} Kf5 {[%emt 0:00:29]} 43. Rxg7 {[%emt 0:00:12]} Kg4 {[%emt 0:00:30]} 44. g6 {[%emt 0:01:57]} Kxh4 {[%emt 0:00:19]} 45. Rg8 {[%emt 0:00:11]} Kg5 {[%emt 0:00:33]} 46. Rg2+ {[%emt 0:00:29]} Kh6 {[%emt 0:00:22]} 47. Rh8+ {[%emt 0:00:43]} Kg7 {[%emt 0:00:02]} 48. Rh7+ {[%emt 0:00:03]} Kg8 {[%emt 0:00:18]} 49. Rxh5 {[%emt 0:01:43]} Rxd3+ {[%emt 0:00:08]} 50. Ke2 {[%emt 0:00:29]} e4 {[%emt 0:00:25]} 51. Rgh2 {[%emt 0:00:44]} Rc2+ {[%emt 0:00:26]} 52. Ke1 {[%emt 0:00:02]} Rc1+ {[%emt 0:00:18]} 53. Ke2 {[%emt 0:00:19]} Rc2+ {[%emt 0:01:24]} 54. Ke1 {[%emt 0:00:00]} Rxh2 {[%emt 0:00:44]} 55. Rxh2 {[%emt 0:00:02]} e3 {[%emt 0:00:35]} 56. Rc2 {[%emt 0:02:08]} Rb3 {[%emt 0:00:21]} 57. Rc8+ {[%emt 0:00:26]} Kg7 {[%emt 0:00:01]} 58. Rd8 {[%emt 0:00:02]} d3 {[%emt 0:00:19]} 59. Rd6 {[%emt 0:00:18]} b4 {[%emt 0:00:17]} 60. axb4 {[%emt 0:00:10]} a3 {[%emt 0:00:08]} 61. Rxd3 {[%emt 0:00:58]} Rxd3 {[%emt 0:00:08]} 0-1

[Event "XII Paracin Festival 2019"]
[Site "Paracin"]
[Date "2019.07.11"]
[Round "8.17"]
[White "McPhillips, Joseph"]
[Black "Audi Ameya"]
[Result "1-0"]
[WhiteElo "2412"]
[BlackElo "2328"]
[Annotator "NA"]
[PlyCount "83"]
[EventDate "2019.07.05"]
[EventType "swiss"]
[EventCountry "SRB"]
[SourceTitle "playchess.com"]
[Source "ChessBase"]
[SourceQuality "1"]
[TimeControl "5400+30"]

1. e4 {[%emt 0:02:33]} c5 {[%emt 0:00:00]} 2. Nf3 {[%emt 0:00:06]} e6 {[%emt 0:00:00]} 3. c3 {[%emt 0:00:12]} Nf6 {[%emt 0:04:59]} 4. Bd3 {[%emt 0:00:07]} d5 {[%emt 0:05:44]} 5. e5 {[%emt 0:00:17]} Nfd7 {[%emt 0:00:26]} 6. Bc2 {[%emt 0:00:04]} c4 {[%emt 0:03:10]} 7. O-O {[%emt 0:00:10]} Nc6 {[%emt 0:00:39]} 8. Re1 {[%emt 0:00:03]} g5 {[%emt 0:09:21]} 9. d4 {[%emt 0:00:09]} cxd3 {[%emt 0:00:05]} 10. Ba4 {[%emt 0:00:05]} h6 {[%emt 0:03:04]} 11. Nd4 {[%emt 0:07:05]} Bg7 {[%emt 0:07:00]} 12. Nxc6 {[%emt 0:04:37]} bxc6 {[%emt 0:02:07]} 13. Bxc6 {[%emt 0:00:05]} Rb8 {[%emt 0:00:26]} 14. Qxd3 {[%emt 0:00:13]} O-O {[%emt 0:02:31]} 15. Bxd7 {[%emt 0:05:50]} Bxd7 {[%emt 0:00:02]} 16. Nd2 {[%emt 0:00:17]} f6 {[%emt 0:03:06]} 17. exf6 {[%emt 0:03:38]} Qxf6 {[%emt 0:10:08]} 18. Qg3 {[%emt 0:01:28]} g4 {[%emt 0:02:58]} 19. Nb3 {[%emt 0:03:07]} e5 {[%emt 0:17:36]} 20. Be3 {[%emt 0:02:59]} a5 {[%emt 0:06:38]} 21. Rad1 {[%emt 0:03:00]} Be6 {[%emt 0:00:14]} 22. Bc5 {[%emt 0:01:13]} Rfd8 {[%emt 0:06:02]} 23. Nxa5 {[%emt 0:00:37]} Rxb2 {[%emt 0:01:29]} 24. Nc6 {[%emt 0:10:36]} Re8 {[%emt 0:00:35]} 25. Rxe5 {[%emt 0:05:10]} Rxa2 {[%emt 0:03:31]} 26. Bd4 {[%emt 0:01:05]} Qf7 {[%emt 0:00:49]} 27. Re3 {[%emt 0:02:54]} Rc8 {[%emt 0:00:07]} 28. Bxg7 {[%emt 0:00:26]} Rxc6 {[%emt 0:01:31]} 29. Bxh6 d4 30. cxd4 {[%emt 0:07:02]} Bc8 {[%emt 0:02:56]} 31. Rde1 {[%emt 0:04:22]} Bd7 {[%emt 0:01:44]} 32. Rf3 {[%emt 0:05:19]} Re6 {[%emt 0:02:36]} 33. Qxg4+ {[%emt 0:05:03]} Kh8 {[%emt 0:00:22]} 34. Be3 {[%emt 0:00:53]} Qg7 {[%emt 0:01:41]} 35. Qh4+ {[%emt 0:00:53]} Kg8 {[%emt 0:00:02]} 36. Rg3 {[%emt 0:00:38]} Rg6 {[%emt 0:00:03]} 37. Qd8+ {[%emt 0:03:21]} Kh7 {[%emt 0:00:01]} 38. Qh4+ {[%emt 0:00:11]} Kg8 {[%emt 0:00:04]} 39. Rxg6 {[%emt 0:00:10]} Qxg6 {[%emt 0:00:03]} 40. Qd8+ {[%emt 0:00:11]} Qe8 {[%emt 0:00:52]} 41. Qg5+ {[%emt 0:00:04]} Kh7 {[%emt 0:00:04]} 42. Bd2 {[%emt 0:01:03]} 1-0

[Event "XII Paracin Festival 2019"]
[Site "Paracin"]
[Date "2019.07.11"]
[Round "8.18"]
[White "Nandhidhaa, P V"]
[Black "Lee, Jun Hyeok"]
[Result "1-0"]
[WhiteElo "2259"]
[BlackElo "2383"]
[Annotator "NA"]
[PlyCount "89"]
[EventDate "2019.07.05"]
[EventType "swiss"]
[EventCountry "SRB"]
[SourceTitle "playchess.com"]
[Source "ChessBase"]
[SourceQuality "1"]
[TimeControl "5400+30"]

1. e4 c5 2. Nf3 Nc6 3. Bb5 d6 4. Bxc6+ bxc6 5. O-O e5 6. d3 Be7 7. Nbd2 f5 8. exf5 Bxf5 9. Ne4 Nf6 10. Ng3 Bd7 11. Nh4 g6 12. Nf3 h6 13. c3 g5 14. Qe2 g4 15. Nh4 Nd5 16. Nhf5 Bxf5 17. Nxf5 Qd7 18. Qxg4 h5 19. Qe4 Kd8 20. Nxe7 Nxe7 21. d4 cxd4 22. cxd4 Qf5 23. Re1 Rf8 24. Qxf5 Rxf5 25. dxe5 dxe5 26. Bd2 Kd7 27. Rac1 Nd5 28. Rc4 Rb8 29. b3 Rb7 30. Rce4 Kd6 31. Bc1 Rb5 32. Rc4 Nb6 33. Ba3+ c5 34. Rc2 Ra5 35. Bb2 Rb5 36. Rd2+ Ke6 37. f4 c4 38. Bxe5 cxb3 39. axb3 Rxb3 40. Rd6+ Kf7 41. Rc1 Rb4 42. Rc7+ Ke8 43. Rxa7 Nc4 44. Re6+ Kd8 45. Bf6+ 1-0

[Event "XII Paracin Festival 2019"]
[Site "Paracin"]
[Date "2019.07.11"]
[Round "8.19"]
[White "Koksal, Ege"]
[Black "Raahul V S"]
[Result "1-0"]
[WhiteElo "2368"]
[BlackElo "2251"]
[Annotator "NA"]
[PlyCount "53"]
[EventDate "2019.07.05"]
[EventType "swiss"]
[EventCountry "SRB"]
[SourceTitle "playchess.com"]
[Source "ChessBase"]
[SourceQuality "1"]
[TimeControl "5400+30"]

1. d4 {[%emt 0:01:32]} d5 {[%emt 0:00:00]} 2. c4 {[%emt 0:01:10]} Nc6 {[%emt 0:00:01]} 3. Nf3 {[%emt 0:01:25]} Bg4 {[%emt 0:00:10]} 4. Nc3 {[%emt 0:04:16]} dxc4 {[%emt 0:02:16]} 5. d5 {[%emt 0:00:00]} Bxf3 {[%emt 0:00:33]} 6. exf3 {[%emt 0:00:01]} Ne5 {[%emt 0:00:17]} 7. Qd4 {[%emt 0:00:01]} Nd3+ {[%emt 0:02:35]} 8. Bxd3 {[%emt 0:00:03]} cxd3 {[%emt 0:00:02]} 9. O-O {[%emt 0:01:31]} Nf6 {[%emt 0:04:44]} 10. Bg5 {[%emt 0:00:38]} e6 {[%emt 0:01:03]} 11. Bxf6 {[%emt 0:15:11]} gxf6 {[%emt 0:00:39]} 12. Qe4 {[%emt 0:00:21]} Bd6 {[%emt 0:04:56]} 13. dxe6 {[%emt 0:01:00]} fxe6 {[%emt 0:00:02]} 14. Qxe6+ {[%emt 0:01:37]} Qe7 {[%emt 0:00:01]} 15. Qf5 {[%emt 0:03:33]} d2 {[%emt 0:07:22]} 16. Rad1 {[%emt 0:02:53]} Rd8 {[%emt 0:00:17]} 17. f4 {[%emt 0:04:06]} Qd7 {[%emt 0:08:52]} 18. Qh5+ {[%emt 0:01:47]} Qf7 {[%emt 0:00:29]} 19. Qe2+ {[%emt 0:00:02]} Kd7 {[%emt 0:01:44]} 20. Qxd2 {[%emt 0:01:38]} Kc8 {[%emt 0:00:07]} 21. Qe3 {[%emt 0:01:54]} a6 {[%emt 0:01:22]} 22. Ne4 {[%emt 0:06:57]} Qxa2 {[%emt 0:00:52]} 23. Qa7 {[%emt 0:04:05]} Kd7 {[%emt 0:06:27]} 24. Nxd6 {[%emt 0:02:46]} cxd6 {[%emt 0:00:23]} 25. Qxb7+ {[%emt 0:00:04]} Ke6 {[%emt 0:00:01]} 26. Rfe1+ {[%emt 0:00:08]} Kf5 {[%emt 0:00:01]} 27. Qe4+ {[%emt 0:00:31]} 1-0

[Event "XII Paracin Festival 2019"]
[Site "Paracin"]
[Date "2019.07.11"]
[Round "8.20"]
[White "Jocev, Milan"]
[Black "Savic, Miodrag R"]
[Result "0-1"]
[WhiteElo "2297"]
[BlackElo "2503"]
[Annotator "ChessBase"]
[PlyCount "108"]
[EventDate "2019.07.05"]
[EventType "swiss"]
[EventCountry "SRB"]
[SourceTitle "playchess.com"]
[Source "ChessBase"]
[SourceQuality "1"]
[TimeControl "5400+30"]

1. Nf3 {[%emt 0:00:00]} Nf6 {[%emt 0:00:00]} 2. c4 {[%emt 0:00:00]} e6 {[%emt 0:00:07]} 3. Nc3 {[%emt 0:00:13]} d5 {[%emt 0:02:22]} 4. d4 {[%emt 0:00:33]} Bb4 {[%emt 0:00:10]} 5. Bg5 {[%emt 0:00:49]} O-O {[%emt 0:01:38]} 6. e3 {[%emt 0:01:03]} Nbd7 {[%emt 0:00:54]} 7. Rc1 {[%emt 0:01:00]} h6 {[%emt 0:00:29]} 8. Bh4 {[%emt 0:00:48]} dxc4 {[%emt 0:08:42]} 9. Bxc4 {[%emt 0:00:29]} c5 {[%emt 0:03:40]} 10. O-O {[%emt 0:02:46]} cxd4 {[%emt 0:00:42]} 11. Qxd4 {[%emt 0:03:27]} Nb6 {[%emt 0:01:08]} 12. Bb3 {[%emt 0:02:30]} Qxd4 {[%emt 0:01:03]} 13. Nxd4 {[%emt 0:00:17]} Bd7 {[%emt 0:06:00]} 14. a3 {[%emt 0:06:34]} Be7 {[%emt 0:19:26]} 15. e4 {[%emt 0:04:26]} Bc5 {[%emt 0:04:10]} 16. Bxf6 {[%emt 0:04:16]} gxf6 {[%emt 0:00:02]} 17. Rfd1 {[%emt 0:00:16]} Rac8 {[%emt 0:03:56]} 18. Kf1 {[%emt 0:03:42]} Rfd8 {[%emt 0:00:17]} 19. Nc2 {[%emt 0:05:28]} Kf8 {[%emt 0:03:40]} 20. Ke2 {[%emt 0:01:20]} Ke7 {[%emt 0:00:01]} 21. Rd3 Bd6 {[%emt 0:03:43]} 22. Rcd1 {[%emt 0:06:16]} Be5 {[%emt 0:00:11]} 23. Ne3 {[%emt 0:06:42]} Rc5 {[%emt 0:07:32]} 24. Ng4 {[%emt 0:04:28]} Bxc3 {[%emt 0:02:39]} 25. Rxc3 {[%emt 0:00:10]} Rxc3 {[%emt 0:02:38]} 26. bxc3 {[%emt 0:00:05]} h5 {[%emt 0:02:44]} 27. Ne3 {[%emt 0:00:15]} Rc8 {[%emt 0:01:07]} 28. Kd2 {[%emt 0:01:43]} h4 {[%emt 0:00:01]} 29. h3 {[%emt 0:01:13]} Rc5 {[%emt 0:01:28]} 30. f3 {[%emt 0:03:34]} Ra5 {[%emt 0:00:54]} 31. Ra1 {[%emt 0:00:35]} Bc6 {[%emt 0:02:58]} 32. Bc2 {[%emt 0:02:37]} Kd6 {[%emt 0:02:22]} 33. f4 {[%emt 0:02:18]} Ke7 {[%emt 0:00:16]} 34. Bd3 {[%emt 0:04:13]} Na4 {[%emt 0:01:05]} 35. Rb1 {[%emt 0:04:13]} Nc5 {[%emt 0:00:33]} 36. Nc4 {[%emt 0:01:11]} Ra4 {[%emt 0:01:29]} 37. Rb4 {[%emt 0:01:47]} Rxb4 {[%emt 0:01:16]} 38. cxb4 {[%emt 0:01:01]} Nxe4+ {[%emt 0:00:14]} 39. Bxe4 {[%emt 0:07:46]} Bxe4 {[%emt 0:00:02]} 40. Ne3 {[%emt 0:00:06]} e5 {[%emt 0:01:59]} 41. f5 {[%emt 0:00:32]} Kf8 {[%emt 0:00:22]} 42. Ke2 {[%emt 0:01:17]} Kg7 {[%emt 0:00:07]} 43. Kf2 {[%emt 0:00:09]} Kh6 {[%emt 0:00:10]} 44. g3 {[%emt 0:01:50]} Kg5 {[%emt 0:00:48]} 45. Nc4 {[%emt 0:01:19]} Bxf5 {[%emt 0:02:01]} 46. Nd6 {[%emt 0:00:13]} Bxh3 {[%emt 0:02:46]} 47. Nxb7 {[%emt 0:00:44]} hxg3+ {[%emt 0:01:42]} 48. Kxg3 {[%emt 0:00:05]} Be6 {[%emt 0:00:16]} 49. Nd6 {[%emt 0:01:02]} f5 {[%emt 0:00:18]} 50. a4 {[%emt 0:01:24]} e4 {[%emt 0:01:58]} 51. b5 {[%emt 0:01:37]} f4+ {[%emt 0:00:02]} 52. Kf2 {[%emt 0:00:04]} e3+ {[%emt 0:00:53]} 53. Ke2 {[%emt 0:00:18]} Kf6 {[%emt 0:01:39]} 54. a5 {[%emt 0:00:38]} Ke5 {[%emt 0:00:19]} 0-1

[Event "XII Paracin Festival 2019"]
[Site "Paracin"]
[Date "2019.07.11"]
[Round "8.21"]
[White "Cabarkapa, Novak"]
[Black "Peng, Shunkai"]
[Result "1/2-1/2"]
[WhiteElo "2444"]
[BlackElo "2300"]
[Annotator "NA"]
[PlyCount "41"]
[EventDate "2019.07.05"]
[EventType "swiss"]
[EventCountry "SRB"]
[SourceTitle "playchess.com"]
[Source "ChessBase"]
[SourceQuality "1"]
[TimeControl "5400+30"]

1. d4 {[%emt 0:00:00]} Nf6 {[%emt 0:02:14]} 2. Nc3 {[%emt 0:00:00]} d5 {[%emt 0:00:58]} 3. Bf4 {[%emt 0:00:00]} e6 {[%emt 0:02:35]} 4. e3 {[%emt 0:00:27]} Bd6 {[%emt 0:02:36]} 5. Nf3 {[%emt 0:00:29]} Bxf4 {[%emt 0:01:12]} 6. exf4 {[%emt 0:00:06]} O-O {[%emt 0:00:16]} 7. Ne5 {[%emt 0:01:23]} b6 {[%emt 0:06:33]} 8. Qf3 {[%emt 0:01:14]} c5 {[%emt 0:04:30]} 9. O-O-O {[%emt 0:00:37]} Nfd7 {[%emt 0:08:18]} 10. Qg3 {[%emt 0:14:10]} cxd4 {[%emt 0:18:12]} 11. Nb5 {[%emt 0:03:18]} Ba6 {[%emt 0:11:29]} 12. Nxd4 {[%emt 0:13:31]} Bxf1 {[%emt 0:00:37]} 13. Rhxf1 {[%emt 0:00:54]} Nxe5 {[%emt 0:01:29]} 14. fxe5 {[%emt 0:00:14]} Qd7 {[%emt 0:00:12]} 15. c3 {[%emt 0:23:11]} Nc6 {[%emt 0:01:27]} 16. Nxc6 {[%emt 0:00:14]} Qxc6 {[%emt 0:00:20]} 17. Rd4 {[%emt 0:00:10]} Rfc8 {[%emt 0:07:34]} 18. h4 {[%emt 0:01:56]} Qb5 {[%emt 0:04:41]} 19. Rfd1 {[%emt 0:01:50]} Rc4 {[%emt 0:00:21]} 20. h5 {[%emt 0:00:32]} h6 {[%emt 0:01:37]} 21. Qd3 {[%emt 0:06:02]} 1/2-1/2